LEADER 01491pam a2200349 a 4500 001 991001388189707536 005 19940610144958.4 008 930806s1993 gw a b 101 0 eng 010 $a93006305 020 $a3110135396 :$c$98.95 (est.) 035 $ab13364960-39ule_inst 040 $aDip.to Lingue$bita 041 0 $aengmul 082 00$a306.4/49$220 245 00$aLanguage conflict and language planning /$cedited by Ernst Hakon Jahr. 260 $aBerlin ;$aNew York :$bMouton de Gruyter,$c1993. 300 $aviii, 320 p. :$bill. ;$c24 cm. 440 0$aTrends in linguistics.$pStudies and monographs ;$v72 500 $aThirteen of the sixteen papers were first presented at the Sixth International Troms Symposium on Language, held Nov. 15-17, 1990, at the University of Troms. 504 $aIncludes bibliographical references and index. 650 4$aSociolinguistica$vCongressi 650 4$aContatto linguistico$vCongressi 650 0$aLanguages in contact$xCongresses. 650 0$aLanguage planning$xCongresses. 700 1 $aJahr, Ernst Hakon,$d1948- 711 2 $aInternational Troms Symposium on Language$n(6th :$d1990) 907 $a.b13364960$b09-03-22$c19-12-05 912 $a991001388189707536 945 $aLE012 306.449 JAH$g1$i2012000105188$lle012$o-$pE0.00$q-$rl$s- $t0$u0$v0$w0$x0$y.i14170012$z19-12-05 996 $aLanguage conflict and language planning$91093729 997 $aUNISALENTO 998 $ale012$b19-12-05$cm$da $e-$feng$ggw $h0$i0 LEADER 01227nam 2200253la 450 001 9910482047203321 005 20221102160124.0 035 $a(UK-CbPIL)2090321805 035 $a(CKB)5500000000087399 035 $a(EXLCZ)995500000000087399 100 $a20221102d1646 uy | 101 0 $alat 135 $aurcn||||a|bb| 200 10$aLud. Guicciardini Belgium universum. seu omnium Inferioris Germanię regionum accurata descriptio, tabulis geographicis tam provinciarum quam urbium pręcipuarum; nec non & additamentis nonnullis plurium aucta & illustrata 210 $aAmsterdam $cJohannes Janssonius van Waesberge, fl. 1642-1681$d1646 215 $aOnline resource ([8], 231 [i.e. 204], 111 p, 2°) 300 $aReproduction of original in Koninklijke Bibliotheek, Nationale bibliotheek van Nederland. 700 $aGuicciardini$b Lodovico$f1521-1589.$0450077 801 0$bUk-CbPIL 801 1$bUk-CbPIL 906 $aBOOK 912 $a9910482047203321 996 $aLud. Guicciardini Belgium universum. seu omnium Inferioris Germanię regionum accurata descriptio, tabulis geographicis tam provinciarum quam urbium pręcipuarum; nec non & additamentis nonnullis plurium aucta & illustrata$92131018 997 $aUNINA